Escritos económicos / (Registro nro. 11644)

Detalles MARC
000 -LEADER
fixed length control field 01806nam a2200265Ia 4500
003 - CONTROL NUMBER IDENTIFIER
control field OSt
005 - DATE AND TIME OF LATEST TRANSACTION
control field 20210503102430.0
008 - FIXED-LENGTH DATA ELEMENTS--GENERAL INFORMATION
fixed length control field 210310s2010 ck gr 000 0 spa d
020 ## - INTERNATIONAL STANDARD BOOK NUMBER
International Standard Book Number 9789586642460
040 ## - CATALOGING SOURCE
Original cataloging agency CO-JMCR
Transcribing agency CO-JMCR
041 0# - LANGUAGE CODE
Language code of text/sound track or separate title spa
082 04 - DEWEY DECIMAL CLASSIFICATION NUMBER
Classification number 330.9861 /
Item number N178e
Edition number 23
100 1# - MAIN ENTRY--PERSONAL NAME
Personal name Narváez, Antonio de,
Relator term autor
9 (RLIN) 26066
245 10 - TITLE STATEMENT
Title Escritos económicos /
Statement of responsibility, etc. Antonio de Narváez, José Ignacio de Pombo ; prólogo, Jorge Orlando Melo
260 ## - PUBLICATION, DISTRIBUTION, ETC.
Place of publication, distribution, etc. Bogotá :
Name of publisher, distributor, etc. Banco de la Republica,
Date of publication, distribution, etc. 2010.
300 ## - PHYSICAL DESCRIPTION
Extent 367 páginas ;
Dimensions 23 cm.
490 0# - SERIES STATEMENT
Series statement Colección Bicentenario
490 0# - SERIES STATEMENT
Series statement Archivo de la economía nacional
505 0# - FORMATTED CONTENTS NOTE
Title Informe real tribunal de consulta de Cartagena de Indias al Sr. Virrey del ryeino sobre el origen y causas del contrabando, sus perjuicios, los medio de evitarlos, y de descubrir los fraudes. Extendiendo su orden. Por Don José Ignacio de Pombo. /
Statement of responsibility José Ignacio Pombo. --
Title Memorias sobre el contrabando en el virreynato de Srt. Fé. /
Statement of responsibility José Ignacio de Pombo. --
Title Discurso del mariscal de campo de los reales exercitos D.. Antonio de Narváez y de la Torre sobre la utilidad de permitir el comercio libre de neutrales en este reino. /
Statement of responsibility Sergio Elías Ortiz. --
Title Informe de Don José Ignacio de Pombo de consulta de Cartagena sobre asuntos económicos y fiscales (Del archivo histórico del doctor Diego Mendoza Pérez). /
Statement of responsibility Sergio Elías Ortiz. --
Title Informe del real consultado de Cartagena de Indias a la suprema junta provincial de la misma. /
Statement of responsibility Sergio Elías Ortiz. --
Title Manifiesto del canal de Cartagena de Indias. /
650 14 - SUBJECT ADDED ENTRY--TOPICAL TERM
Topical term or geographic name entry element Economía colonial.
9 (RLIN) 26068
650 24 - SUBJECT ADDED ENTRY--TOPICAL TERM
Topical term or geographic name entry element Historia económica.
9 (RLIN) 37338
700 1# - ADDED ENTRY--PERSONAL NAME
Personal name Pombo, José Ignacio de,
Relator term autor
9 (RLIN) 37339
700 1# - ADDED ENTRY--PERSONAL NAME
Personal name Melo, Jorge Orlando,
Relator term prologuista
9 (RLIN) 11481
942 ## - ADDED ENTRY ELEMENTS (KOHA)
Source of classification or shelving scheme Dewey Decimal Classification
Koha item type Books
Existencias
Withdrawn status Lost status Source of classification or shelving scheme Damaged status Not for loan Home library Current library Shelving location Date acquired Source of acquisition Full call number Barcode Date last seen Copy number Price effective from Koha item type Total Checkouts
    Dewey Decimal Classification     Biblioteca Pública José María del Castillo y Rada Biblioteca Pública José María del Castillo y Rada General Stacks 04/15/2018 Donación 330.9861 / N178e 430002173 05/16/2024 Ej.1 03/10/2021 Books  
    Dewey Decimal Classification     Biblioteca Pública José María del Castillo y Rada Biblioteca Pública José María del Castillo y Rada General Stacks 04/15/2018 Donación 330.9861 / N178e 430002174 05/16/2024 Ej.2 03/10/2021 Books